NBA Players who Have Averaged 20 or or More 23-24 - Statistics

General Stats
  • This quiz has been taken 149 times
  • The average score is 28 of 38
Answer Stats
Hint Answer % Correct
DAL Luka Doncic
100%
MIL Giannis Antetokounmpo
98%
OKC Shai Gilgeous-Alexander
97%
BOS Jayson Tatum
96%
PHX Kevin Durant
96%
LAL LeBron James
96%
DEN Nikola Jokic
96%
PHX Devin Booker
95%
GSW Stephen Curry
95%
NYK Jalen Brunson
94%
DAL Kyrie Irving
93%
MIN Anthony Edwards
92%
MIL Damian Lillard
92%
LAL Anthony Davis
91%
SAC De'Aaron Fox
91%
NOP Zion Williamson
91%
LAC Kawhi Leonard
90%
LAC Paul George
90%
BOS Jaylen Brown
88%
PHI Tyrese Maxey
88%
CHI DeMar DeRozan
80%
MIN Karl-Anthony Towns
78%
ATL Dejounte Murray
77%
DEN Jamal Murray
77%
ORL Paolo Banchero
77%
DET Cade Cunningham
76%
IND Tyrese Haliburton
72%
MEM Jaren Jackson, Jr.
68%
NOP Brandon Ingram
62%
CHA Miles Bridges
60%
WAS Kyle Kuzma
59%
IND Pascal Siakam
59%
MIA Jimmy Butler
47%
NOP CJ McCollum
38%
TOR RJ Barrett
14%
BLK Cam Thomas
5%
HOU Alpren Sengun
1%
SAS Victor Wembenyama
1%
No matching quizzes found
Score Distribution
Percent of People with Each Score
Percentile by Number Answered
Your Score History
You have not taken this quiz